header

The 7 non-negotiables of winning (Record no. 36875)

MARC details
000 -LEADER
fixed length control field 01342nam a2200337 a 4500
082 04 - DEWEY DECIMAL CLASSIFICATION NUMBER
Classification number 302
100 1# - MAIN ENTRY--AUTHOR NAME
Personal name Williams, David K.,
245 14 - TITLE STATEMENT
Title The 7 non-negotiables of winning
260 ## - PUBLICATION, DISTRIBUTION, ETC. (IMPRINT)
Place of publication Hoboken, N.J. :
Name of publisher Wiley,
Year of publication c2013.
300 ## - PHYSICAL DESCRIPTION
Number of Pages 1 online resource (xx, 181 p.) :
Other physical details col. ill., photographs.
500 ## - GENERAL NOTE
General note Includes index.
650 #0 - SUBJECT ADDED ENTRY--TOPICAL TERM
Topical Term Interpersonal relations.
Topical Term Respect.
Topical Term Success.
Topical Term Employee motivation.
856 40 - ELECTRONIC LOCATION AND ACCESS
Uniform Resource Identifier http://site.ebrary.com/lib/rucke/Doc?id=10734624
588 ## -
-- Description based on online resource; title from title page (ebrary, viewed August 2, 2013).

No items available.

© 2026 Rongo University
Contact us: librarian | system librarian | Rongo university